00146nam a2200061Ia 4500008004100000100001700041245002600058120527s9999 xx 000 0 und d aFinsterbusch aSocial problems 04/05